How to prepare for the TOEFL: Test of English as a foreign language

में बचाया:
ग्रंथसूची विवरण
मुख्य लेखक: Shape, Pamela J
स्वरूप: पुस्तक
भाषा:Undetermined
प्रकाशित: Tp. HCM Trẻ 2002
विषय:
टैग : टैग जोड़ें
कोई टैग नहीं, इस रिकॉर्ड को टैग करने वाले पहले व्यक्ति बनें!
Thư viện lưu trữ: Trung tâm Học liệu Trường Đại học Cần Thơ
LEADER 00615nam a2200193Ia 4500
001 CTU_52363
008 210402s9999 xx 000 0 und d
020 |c 40000 
082 |a 428.0076 
082 |b S529 
100 |a Shape, Pamela J 
245 0 |a How to prepare for the TOEFL: Test of English as a foreign language 
245 0 |c Pamela J. Shape; First News biên dịch 
260 |a Tp. HCM 
260 |b Trẻ 
260 |c 2002 
650 |a english language,english language 
650 |x examinations,study guides,texbooks for foreign speakers 
980 |a Trung tâm Học liệu Trường Đại học Cần Thơ